Передача звукових явищ в англійському прозовому фольклорі для дітей (на основі казок) (Запис № 283461)

МАРК-запис
000 -LEADER
fixed length control field 01627nam a22001577a 4500
041 ## - LANGUAGE CODE
Language code of text/sound track or separate title ukr
080 ## - UNIVERSAL DECIMAL CLASSIFICATION NUMBER
Universal Decimal Classification number 09
090 ## - LOCALLY ASSIGNED LC-TYPE CALL NUMBER (OCLC); LOCAL CALL NUMBER (OCLC)
Local cutter number (OCLC) ; Book number/undivided call number, CALL (RLIN) ЯЩУ
100 ## - MAIN ENTRY--PERSONAL NAME
Personal name Ящук Ю. М.
245 ## - TITLE STATEMENT
Title Передача звукових явищ в англійському прозовому фольклорі для дітей (на основі казок)
260 ## - PUBLICATION, DISTRIBUTION, ETC. (IMPRINT)
Place of publication, distribution, etc Острог
Name of publisher, distributor, etc КАФ
Date of publication, distribution, etc 2006
300 ## - PHYSICAL DESCRIPTION
Extent 59
520 ## - SUMMARY, ETC.
Summary, etc Розділ 1. Фонема у контексті звука.<br/>1.1. Трактування поняття "фонеми" вітчизняними лінгвістами.<br/>1.2. Теорія фонем на Заході.<br/>1.3. Фонема як обєкт вивчення лінгвістичних та ліфтературознавчих дисциплін.<br/>1.4. Фоностилістичні засоби передачі звука в англійській мові. Алітерація та асонанс.<br/>1.5. Парономасія та звуконаслідування як засоби інструментування. Явище звукосимволізму.<br/>Розділ 2. Звукова організація англійських та англомовних казок для дітей.<br/>2.1. Childcraft- методика художнього виховання американського малюка.<br/>2.2. Англійська казка в контеквті світового дитячого фолькльору.<br/>2.3. Казки про тварин.<br/>2.4. Чарівні казки.<br/>2.5. Кумулятивні казки.
-- фонетика
650 ## - SUBJECT ADDED ENTRY--TOPICAL TERM
Topical term or geographic name as entry element Research Papers
942 ## - ADDED ENTRY ELEMENTS (KOHA)
Koha item type Книги
Фонди
Withdrawn status Lost status Source of classification or shelving scheme Damaged status Not for loan Home library Current library Date acquired Source of acquisition Coded location qualifier Cost, normal purchase price Total Checkouts Full call number Barcode Date last seen Price effective from Koha item type
    Universal Decimal Classification     ВІЛ - Відділ іноземн. літератури НБ ВІЛ - Відділ іноземн. літератури НБ 29/01/2019 Ретроспекція В23 1.00   09 212276 20/12/2021 29/01/2019 Книги